| 000 | 00878nam0a2200289 4500 | ||
|---|---|---|---|
| 001 | RU\NLR\bibl\76124 | ||
| 005 | 20250616101808.0 | ||
| 010 |
_a5-86765-036-7 _920000 |
||
| 021 |
_aRU _b1998-39617 _91902 |
||
| 035 | _a(NLR Aleph) 000074300 | ||
| 090 |
_a411162 _c411162 |
||
| 100 | _a20000321d1998 |||y0rusy50 ca | ||
| 101 | 1 | _arus | |
| 102 | _aRU | ||
| 105 | _aa ||||||||| | ||
| 200 | 1 |
_aВолшебная карусель _e[Стихи _eДля детей мл. шк. возраста] _fЛ.В. Смолина |
|
| 210 |
_aЧебоксары _cЧувашия _d1998 |
||
| 215 |
_a[38] с. _cцв.ил. _d28 |
||
| 686 | _aШ9(2)60=Р7-5 | ||
| 700 | 1 |
_aСмолина _bЛ. В. _4070 |
|
| 801 | 0 |
_aRU _bNLR _c20000321 _gPSBO |
|
| 801 | 1 |
_aRU _bNLR _c20000321 |
|
| 852 |
_aNLR _j99-8/2883 |
||
| 942 | _cBOOK | ||
| 980 | _aNB | ||